|
|
|
|
| LEADER |
01474nam a2200397 a 4500 |
| 001 |
GR-MES757 |
| 008 |
991111s1989 gr 000 0 gre d |
| 040 |
|
|
|a GrPaTEI
|b gre
|c GR-PaULI
|
| 245 |
0 |
0 |
|a Γενική ζωοτεχνία και στοιχεία ταυτοποιήσης ιπποειδών.
|
| 250 |
|
|
|a 2η
|
| 260 |
|
|
|a Θεσσαλονίκη :
|b Αφοι Κυριακίδη,
|c 1989
|
| 300 |
|
|
|a 252 σελ.,εικ.
|
| 504 |
|
|
|a Βιβλιογραφία:σελ(250)
|
| 650 |
|
4 |
|a Αναπαραγγωγή
|
| 650 |
|
4 |
|a ΒΕΛΤΙΩΣΗ
|
| 650 |
|
4 |
|a Γενετική
|
| 650 |
|
4 |
|a ΓΕΝΕΤΙΚΗ ΒΕΛΤΙΩΣΗ
|
| 650 |
|
4 |
|a Εκτροφή
|
| 650 |
|
4 |
|a Ζωοτεχνία
|
| 650 |
|
4 |
|a ΗΛΙΚΙΑ
|
| 650 |
|
4 |
|a ΙΔΙΟΤΗΤΕΣ
|
| 650 |
|
4 |
|a ΙΠΠΟΕΙΔΗ
|
| 650 |
|
4 |
|a ΚΑΤΑΝΟΜΗ
|
| 650 |
|
4 |
|a Κτηνιατρική
|
| 650 |
|
4 |
|a ΜΟΡΦΟΛΟΓΙΚΗ ΔΙΑΠΛΑΣΗ
|
| 650 |
|
4 |
|a Περιβάλλον
|
| 650 |
|
4 |
|a ΠΡΟΕΛΕΥΣΗ
|
| 650 |
|
4 |
|a Ταξινόμηση
|
| 650 |
|
4 |
|a ΤΑΥΤΟΠΟΙΗΣΗ
|
| 700 |
1 |
|
|a Ζυγογιάννης, Δ.
|
| 700 |
1 |
|
|a Κατσαούνης, Ν.
|
| 710 |
0 |
|
|a Αφοι Κυριακίδη
|
| 942 |
|
|
|2 ddc
|
| 952 |
|
|
|0 0
|1 0
|2 ddc
|4 0
|6 591_400000000000000_ΚΑΤ
|7 0
|9 264288
|a MSLG
|b MSLG
|c BSC
|d 2021-01-17
|e 24
|f 0
|g 0.00
|l 0
|o 591.4 ΚΑΤ
|p 2420000006118
|r 2021-01-17 00:00:00
|t 1
|w 2021-01-17
|y BK15
|x 19991111 0 1
|x GrPaTEI
|
| 971 |
|
|
|a .b25717984
|b 15-04-20
|c 13-09-16
|
| 999 |
|
|
|c 152069
|d 152069
|